Silenciar la democracia : (Registro nro. 7936)

000 -CABECERA
campo de control de longitud fija 01070nam a2200277 u 4500
001 - NÚMERO DE CONTROL
campo de control 000061615
005 - FECHA Y HORA DE LA ÚLTIMA TRANSACCIÓN
campo de control 20200120224100.0
008 - DATOS DE LONGITUD FIJA--INFORMACIÓN GENERAL
campo de control de longitud fija 140705s2010 ck a gr| 000 0 spa d
020 ## - NÚMERO INTERNACIONAL ESTÁNDAR DEL LIBRO
Número Internacional Estándar del Libro 9789587583465
041 0# - CÓDIGO DE LENGUA
Código de lengua del texto/banda sonora o título independiente Mspa
043 ## - CÓDIGO DE ÁREA GEOGRÁFICA
Código de área geográfica c-k----
082 04 - NÚMERO DE LA CLASIFICACIÓN DECIMAL DEWEY
Número de clasificación 364.135
Número de documento/Ítem C65
Número de edición 21
111 2# - ENTRADA PRINCIPAL--NOMBRE DE CONGRESO/REUNIÓN
Nombre de congreso/reunión o jurisdicción como elemento de entrada Comisión Nacional de Reparaión y Reconciliación. Grupo de memoria histórica
245 10 - MENCIÓN DE TÍTULO
Título Silenciar la democracia :
Resto del título las masacres de Remedio y Segovia 1982-1997 /
Mención de responsabilidad, etc. Comisión Nacional de Reparación y Reconciliación.
250 ## - MENCIÓN DE EDICIÓN
Mención de edición 1a ed
260 ## - PUBLICACIÓN, DISTRIBUCIÓN, ETC.
Lugar de publicación, distribución, etc. [Bogotá] :
Nombre del editor, distribuidor, etc. Taurus,
Fecha de publicación, distribución, etc. 2010.
300 ## - DESCRIPCIÓN FÍSICA
Extensión 352 p ;
Dimensiones 23 cm.
490 #0 - MENCIÓN DE SERIE
Mención de serie Pensamiento
500 ## - NOTA GENERAL
Nota general Incluye índice
650 17 - PUNTO DE ACCESO ADICIONAL DE MATERIA--TÉRMINO DE MATERIA
Término de materia o nombre geográfico como elemento de entrada Masacrea de Remedios
Subdivisión cronológica 1997
Subdivisión geográfica Colombia
Fuente del encabezamiento o término LEMB
650 27 - PUNTO DE ACCESO ADICIONAL DE MATERIA--TÉRMINO DE MATERIA
Término de materia o nombre geográfico como elemento de entrada Masacrea de Segovia
Subdivisión cronológica 1996
Subdivisión geográfica Colombia
Fuente del encabezamiento o término LEMB
650 27 - PUNTO DE ACCESO ADICIONAL DE MATERIA--TÉRMINO DE MATERIA
Término de materia o nombre geográfico como elemento de entrada Violencia
Subdivisión cronológica 1982-1997
Subdivisión geográfica Antioquia (Colombia)
Fuente del encabezamiento o término LEMB
650 17 - PUNTO DE ACCESO ADICIONAL DE MATERIA--TÉRMINO DE MATERIA
Término de materia o nombre geográfico como elemento de entrada Crímenes de lesa humanidad
Subdivisión cronológica 1982-1997
Subdivisión geográfica Antioquia (Colombia)
Fuente del encabezamiento o término LEMB
650 17 - PUNTO DE ACCESO ADICIONAL DE MATERIA--TÉRMINO DE MATERIA
Término de materia o nombre geográfico como elemento de entrada Actividades subersivas
Subdivisión cronológica 1982-1997
Subdivisión geográfica Antioquia (Colombia)
Fuente del encabezamiento o término LEMB
650 17 - PUNTO DE ACCESO ADICIONAL DE MATERIA--TÉRMINO DE MATERIA
Término de materia o nombre geográfico como elemento de entrada Impunidad
Subdivisión cronológica 1982-1997
Subdivisión geográfica Antioquia (Colombia)
Fuente del encabezamiento o término LEMB
Existencias
Estado de retiro Estado de pérdida Fuente del sistema de clasificación o colocación Estado dañado No para préstamo Código de colección Localización permanente Ubicación/localización actual Fecha de adquisición Número de inventario Total de préstamos Renovaciones totales Signatura topográfica completa Código de barras Fecha visto por última vez Fecha del último préstamo Número de copia Precio válido a partir de Tipo de ítem Koha Nota pública
          Colección General Biblioteca Pública San Juan Bosco Biblioteca Pública San Juan Bosco 20/01/2020 106373 1 1 364.135 C65 MOS013203 03/05/2024 16/04/2024 ej.1 20/01/2020 Libro Ocho días
          Colección General Biblioteca Pública San Juan Bosco Biblioteca Pública San Juan Bosco 20/01/2020 106374 1   364.135 C65 MOS014702 07/12/2021 25/02/2021 ej.2 20/01/2020 Libro Ocho días
          Colección General Biblioteca Pública San Juan Bosco Biblioteca Pública San Juan Bosco 20/01/2020       364.135C65MOS015309 MOS015309 20/01/2020   ej.3 20/01/2020 Libro Ocho días

© Todos los derechos reservados para la Biblioteca Pública Municipal San Juan Bosco, 2020
Secretaria de Cultura de Mosquera
Carrera 3 N° 10 Esquina Centro Cultural Barrio El Carmén Teléfono: 8270830 Ext: 34
Funcionando con KOHA
Contacto: Biblioteca Pública Municipal San Juan Bosco/ bibliotecasanjuanbosco@mosquera-cundinamarca.gov.co
Mosquera, Cundinamarca